000 01984nam a2200553 i 4500
001 1694
003 KOSZ 005
005 20200415125057.0
008 991116s1981 pl a f f |001 0 pol
015 _aPB 1982/998
020 _a8301003618
035 _a991011866609705066
035 _a(PL-WaBN)b1322055x-48omnis_nlop
035 _ab1322055x
035 _a(OCoLC)749248955
035 _a(PL)b0000001322055
035 _a(EXLNZ-48OMNIS_NETWORK)9910496489705606
040 _aWA N
_cWA N
_dKOSZ 005/EC
_dKOSZ 005/HR
041 1 _apol
_heng
046 _k1973
080 _a539.12
080 _a(075.8)
100 1 _aBransden, B. H.
_d(1926- )
_eAutor
245 1 0 _aCząstki elementarne /
_cB. H. Bransden, D. Evans, J. V. Major ; [z ang. tł. Helena Białkowska, Grzegorz Wilk].
246 1 _iTyt. oryg.:
_aFundamental particles,
_f1973
260 _aWarszawa :
_bPaństwowe Wydawnictwa Naukowe,
_c1981.
300 _a350, [1] s. :
_bil. tab. wykr. err. ;
_c24 cm.
336 _2rdacontent
_aTekst
_btxt
337 _2rdamedia
_aBez urządzenia pośredniczącego
_bn
338 _2rdacarrier
_aWolumin
_bnc
380 _aKsiążki
380 _aPublikacje dydaktyczne
385 _mPoziom nauczania
_aSzkoły wyższe
388 _a1901-2000
388 _a1945-1989
500 _aTyt. oryg.: The fundamental particles, 1973.
504 _aBibliogr. s. 271, 344-345. - Indeks.
655 7 _aPodręczniki akademickie
_2DBN
658 _aFizyka i astronomia
650 7 _aCząstki elementarne
_2DBN
700 1 _aEvans, Desmond
_eAutor
700 1 _aMajor, John Victor
_eAutor
700 1 _aBiałkowska-Jaworska, Ewa.
_eTłumaczenie
700 1 _aWilk, Grzegorz
_d(1945- ).
_eTłumaczenie
710 2 _aPaństwowe Wydawnictwo Naukowe
_4pbl.
856 _uhttp://koha.tu.koszalin.pl/cgi-bin/koha/opac-detail.pl?biblionumber=1694
_yKatalog online BPK
942 _2UKD
_cKS
999 _c1694
_d1694